| 000 | 00958nam a2200253Ia 4500 | ||
|---|---|---|---|
| 003 | GCL | ||
| 008 | 140319s9999 xx 000 0 ara d | ||
| 020 | _a5282314977 | ||
| 040 |
_aGCL / _cGCL |
||
| 082 | 0 | 4 |
_a737.495304 _bف ن |
| 100 | 1 | _aفرج الله احمد يوسف | |
| 245 | 1 | 0 |
_aنقود الخارجين على الخلافة العباسية فى شرق العالم الاسلامى / _cفرج الله احمد يوسف |
| 250 | _aالاولى | ||
| 260 |
_aالقاهرة : _bزهراء الشرق ، _c2006 |
||
| 300 |
_a129+42ص: _bلوحات ؛ _c24سم |
||
| 650 | 0 | 4 | _aالنقود المعدنية |
| 650 | 0 | 4 | _aالنقود الاسلامية |
| 650 | 0 | 4 | _aالمسكوكات |
| 650 | 0 | 4 | _aالعملات الاسلامية |
| 650 | 0 | 4 | _aالمسكوكات الاسلامية |
| 650 | 0 | 4 | _aالنقود - تاريخ |
| 650 | 0 | 4 | _aالعملات الاسلامية - تاريخ - العصر العباسى |
| 942 |
_2ddc _cBK |
||
| 999 |
_c9672 _d9672 |
||